La Rectoría del Sector Salud de Costa Rica

Revisa en el marco de la consolidación del programa de reforma del sector salud, el componente de fortalecimiento de la función rectora del ministerio de salud pública, MINSA, analizando las limitaciones y retos en la introducción de modificaciones institucionales, como conductora del proceso de con...

全面介绍

Guardado en:
书目详细资料
格式: Texto
主题:
标签: 添加标签
没有标签, 成为第一个标记此记录!

MARC

LEADER 00000 a a2200000 04500
001 14139
003
040
245 |a La Rectoría del Sector Salud de Costa Rica  
520 |a Revisa en el marco de la consolidación del programa de reforma del sector salud, el componente de fortalecimiento de la función rectora del ministerio de salud pública, MINSA, analizando las limitaciones y retos en la introducción de modificaciones institucionales, como conductora del proceso de contracción social de la salud  
650 |a ADMINISTRACION DE LA SALUD  
650 |a REFORMA ADMINISTRATIVA  
650 |a POLITICA GUBERNAMENTAL  
650 |a SERVICIOS DE SALUD  
650 |a MEDICINA PREVENTIVA  
650 |a ASIGNACION DE RECURSOS  
650 |a PRESUPUESTO  
650 |a FINANCIAMIENTO  
773 |g número 40 -41; páginas 61-87  
999 |c 25825  |d 25825